The Americas Geography by Letter - C #2 - Statistics

General Stats
  • This quiz has been taken 165 times
  • The average score is 12 of 20
Answer Stats
Clue Answer % Correct
Largest park in Manhattan Central Park
98%
Mexican state that gave its nameto a tiny dog breed Chihuahua
92%
River the Hoover Dam sits on Colorado River
88%
French ethnic group of Louisiana Cajuns
75%
Most populous city in North Carolina Charlotte
72%
Famous beach in Rio de Janeiro Copacabana
72%
Dutch island in the Caribbean Sea Curaçao
72%
Massachusetts's hook-shaped peninsula Cape Cod
68%
Once the capital of the Inca Empire Cuzco
65%
Capital of Saint Lucia Castries
59%
Slang term for a Canadian Canuck
58%
Third-largest city in Colombia Cali
57%
Longest river in Pacific Northwest Columbia River
56%
Capital of the French Guiana Cayenne
50%
Deepest lake in the U.S., found in Oregon {Crater} Lake
49%
Californian island chain nameafter the ones in southern England {Channel} Islands
41%
Capital of Paraná, Brazil Curitiba
34%
City formerly called "Porkopolis" Cincinnati
31%
Ecuadorian peak that is thefurthest from the center of the Earth Chimborazo
30%
Appalachian mountain pass {Cumberland} Gap
30%
No matching quizzes found
Score Distribution
Percent of People with Each Score
Percentile by Number Answered
Your Score History
You have not taken this quiz